<The> Role of Innovative Work Behaviour and Knowledge-based Dynamic Capabilities in Increasing the Innovative Performance of Agricultural Enterprises

Vzájomné vzťahy medzi premennými podnikateľskej orientácie agrárneho manažmentu, inovatívneho pracovného správania zamestnancov, znalostných dynamických schopností a inovatívnej výkonnosti agrárnych podnikov. Údaje od manažérov agropodnikov na Slovensku (175 respondentov). Existencia štatisticky výz...

Descrizione completa

Salvato in:
Dettagli Bibliografici
Autore principale: Jankelová, Nadežda, 1966-
Altri autori: Joniaková, Zuzana, 1970-
Natura: Capitolo di libro
Lingua:inglese
Soggetti:
Tags: Aggiungi Tag
Nessun Tag, puoi essere il primo ad aggiungerne!!

MARC

LEADER 00000naa a2200000 4500
001 0278812
005 20250224084348.4
041 0 |a eng 
044 |a CZ 
245 1 0 |a <The> Role of Innovative Work Behaviour and Knowledge-based Dynamic Capabilities in Increasing the Innovative Performance of Agricultural Enterprises  |c Nadežda Jankelová, Zuzana Joniaková 
520 |a Vzájomné vzťahy medzi premennými podnikateľskej orientácie agrárneho manažmentu, inovatívneho pracovného správania zamestnancov, znalostných dynamických schopností a inovatívnej výkonnosti agrárnych podnikov. Údaje od manažérov agropodnikov na Slovensku (175 respondentov). Existencia štatisticky významného vzťahu medzi podnikateľskou orientáciou a inovatívnou výkonnosťou, ktorý je však slabší, ako celkový efekt zapojenia mediačných premenných. 
610 2 0 |a poľnohospodárstvo 
610 2 0 |a agropodnikanie 
610 2 0 |a výkonnosť inovačná 
610 2 0 |a riadenie 
100 1 |a Jankelová, Nadežda, 1966- 
700 1 |a Joniaková, Zuzana, 1970-